000 00625cam a2200193 4500
001 BFIL008548
008 1906 a spa
035 _aBFIL008548
050 4 _aPQ431
_bP64 1906
245 0 _aPoetas Francesas del Sioglo XIX /
_cTr. en verso castellano por Teodoro Llorente.
260 _aBarcelona :
_bMontaner y Simon,
_c1906
300 _a398 p. ;
_c24 cm.
440 0 _aBiblioteca Universal
500 _a1 ejemplar
504 _aIncliye índice
650 4 _aPoesia Francesa
_xSioglo XIX
_xHistoria y critica
650 4 _aPoetas Franceses
_xSioglo XIX
_xHistoria y critica
942 _2lcc
_cLIB
999 _c129323
_d129323